"Lucky Ones" - All Lyrics (Lana Del Rey) - Statistics

General Stats
  • This quiz has been taken 16 times
  • The average score is 288 of 312
Answer Stats
Lyrics % Correct
a
100%
and
100%
are
100%
baby,
100%
baby
100%
bad
100%
be
100%
Boy
100%
Boy,
100%
can
100%
could
100%
Could
100%
down,
100%
down
100%
fire
100%
get
100%
girl
100%
I
100%
If
100%
if
100%
It
100%
it
100%
like
100%
like,
100%
love
100%
lucky
100%
me,
100%
me
100%
my
100%
no
100%
of
100%
on
100%
one
100%
ones?
100%
ones
100%
out
100%
that
100%
the
100%
to
100%
told
100%
was
100%
we
100%
we're
100%
you
100%
You
100%
align
92%
by
92%
compare
92%
crazy
92%
desire
92%
Every
92%
feels
92%
Feels
92%
got
92%
higher
92%
in
92%
know
92%
Nobody
92%
so
92%
stars
92%
take
92%
then,
92%
Then
92%
this
92%
thought
92%
time
92%
town,
92%
up
92%
way
92%
your
92%
You're
92%
you're
92%
along,
83%
blew
83%
but,
83%
came
83%
car,
83%
face
83%
going
83%
good
83%
great
83%
into
83%
Let's
83%
meet
83%
mind
83%
never
83%
now
83%
now,
83%
save
83%
saw
83%
stick
83%
with
83%
blind,
75%
careless
75%
design
75%
don't
75%
Everybody
75%
Finally,
75%
lady
75%
leave
75%
liar,
75%
scared,
75%
all
67%
con
67%
Everyone
67%
Falling
67%
for
67%
found,
67%
found
67%
here
67%
lost,
67%
nobody's
67%
our
67%
seems
67%
taught
67%
we'll
67%
around
58%
first
58%
friends
58%
act
50%
hard
50%
nice
50%
scooped
50%
tried
50%
No matching quizzes found
Score Distribution
Percent of People with Each Score
Percentile by Number Answered
Your Score History
You have not taken this quiz